Statistics for SAT Words HARD Click Quiz - E #3

Click here to take the quiz!

General Stats

  • This quiz has been taken 96 times
  • The average score is 9 of 15

Answer Stats

HintAnswer% Correct
The study of knowledgeEpistemology
85%
Quickly fading or vanishing from sightEvanescent
77%
Easily misunderstood; ambiguousEquivocal
75%
The act of leavingEgress
65%
Study of the origin of diseasesEtiology
65%
Right to use land or propertyEasement
63%
Person with refined taste in food and wineEpicure
63%
Repetition of words or phrasesEcholalia
62%
Resembling ivoryEburnean
56%
Salary, fee, or profit from holding an officeEmolument
54%
Elucidating explanation; clarificationÉclaircissement
48%
Of or relating to summerEstival
48%
Relating to heaven or the skyEmpyrean
46%
One who imitates another, often poorlyEpigone
46%
Science of human settlementEkistics
40%

Score Distribution

Percentile by Number Answered

Percent of People with Each Score

Your Score History

You have not taken this quiz